000 01031cad a22002175a 4500
001 E148250
008 090824e20080611xxk f 000 0 eng d
035 _a(Sirsi) u148250
041 0 _aeng
050 0 4 _a347.4207 $2 18
100 1 _aMalone, Brandon J.
245 0 3 _aAn expert determination code for Scotland
_h[electronic resource]
260 _a[S.l.]
_b[s.n.]
_c2008
520 _aDiscusses proposals for a standard code for expert determination, the aim of which is to provide a 'default' position, so that if parties do not specifically negotiate an expert's powers, but they have agreed that the code will be used, the powers of the expert will be clearly defined.
521 _aAdvanced
590 _aKA
651 4 _aScotland
_y1999-
690 _aMANAGEMENT-DISPUTE AVOIDANCE, MANAGEMENT AND RESOLUTION-DISPUTE MANAGEMENT AND RESOLUTION
856 4 0 _uhttps://www.ciarb.org/scotland/downloads/an_expert_determination_code_for_scotland.pdf
_zView the article free of charge at www.ciarb.org/scotland
942 _n0
999 _c109975
_d109975